| 000 | 00422nam a22001337a 4500 | ||
|---|---|---|---|
| 040 | _cNUST | ||
| 082 | _a200 THE | ||
| 100 |
_aSyed Ahmad Ali _998363 |
||
| 110 |
_aSupervisor: Dr. Syed Tasweer Hussain Shah _995941 |
||
| 245 | _aTH-SOF-2026-Impact of Sustainable Supply Chain Management (SSCM) Practices on Firm Performance | ||
| 260 |
_aISLAMABAD: _bNUST COLLEGE OF EME, _c2022. |
||
| 650 | _aMS-EM-18 | ||
| 942 |
_2ddc _cTHE |
||
| 999 |
_c591274 _d591274 |
||